000 00629nam a2200253Ia 4500
005 20260123164115.0
008 008 260114s9999 xx 000 0 eng d
020 _a9789354430978
037 _aEBOOK
040 _aCRL
040 _beng
040 _cCRL
041 _2eng
041 _aeng
084 _qCRL
100 _aKHUNTIA, SMRUTI R., DASH, SAROJ K.
_91105995
245 0 _aFundamentals Of Electromagnetic Theory - 2nd Ed.
260 _bPHI
260 _c2022
856 _uhttps://elibrary.phindia.com/ebooks/reader/9789354430978du
942 _cEBOOK
999 _c1671118
_d1671118